<?xml version="1.0" encoding="UTF-8"?>
<record
    xmlns:xsi="http://www.w3.org/2001/XMLSchema-instance"
    xsi:schemaLocation="http://www.loc.gov/MARC21/slim http://www.loc.gov/standards/marcxml/schema/MARC21slim.xsd"
    xmlns="http://www.loc.gov/MARC21/slim">

  <leader>01207nas a2200289 454500</leader>
  <controlfield tag="001">2036</controlfield>
  <controlfield tag="005">20260407193504.0</controlfield>
  <controlfield tag="008">260407s1973####ag###########|||spa#d</controlfield>
  <controlfield tag="003">AR-UNSa-BCEJYS</controlfield>
  <datafield tag="040" ind1=" " ind2=" ">
    <subfield code="a">AR-UNSa-BCEJYS</subfield>
    <subfield code="b">spa</subfield>
    <subfield code="c">AR-UNSa-BCEJYS</subfield>
  </datafield>
  <datafield tag="080" ind1=" " ind2=" ">
    <subfield code="a">658</subfield>
    <subfield code="x">Administraci&#xF3;n de empresas. Organizaci&#xF3;n comercial</subfield>
  </datafield>
  <datafield tag="245" ind1="1" ind2="0">
    <subfield code="a">Administraci&#xF3;n de empresas</subfield>
  </datafield>
  <datafield tag="022" ind1=" " ind2=" ">
    <subfield code="a">0325-3724</subfield>
  </datafield>
  <datafield tag="264" ind1=" " ind2="1">
    <subfield code="a">Buenos Aires :</subfield>
    <subfield code="b">Ediciones Contabilidad Moderna</subfield>
    <subfield code="c">1973</subfield>
  </datafield>
  <datafield tag="310" ind1=" " ind2=" ">
    <subfield code="a">Frecuencia: Mensual
Cambia de Dir. a partir del N&#xBA; 78 por Enrique Fowler Newton
Cambia de Dir. a partir del N&#xBA; 134 por Carlos Raimondi
Cambia de Dir. a partir del N&#xBA; 173 por Alberto T. L&#xF3;pez 
Cambia de Dir. a partir del N&#xBA; 215/216 por Adolfo Atchabahian </subfield>
  </datafield>
  <datafield tag="041" ind1=" " ind2=" ">
    <subfield code="a">spa</subfield>
  </datafield>
  <datafield tag="942" ind1=" " ind2=" ">
    <subfield code="c">SER</subfield>
  </datafield>
  <datafield tag="590" ind1=" " ind2=" ">
    <subfield code="a">niveau_biblio:s niveau_hierar:1</subfield>
  </datafield>
  <datafield tag="100" ind1="1" ind2=" ">
    <subfield code="a">Bertoletti, Mario E.</subfield>
  </datafield>
  <datafield tag="700" ind1="1" ind2=" ">
    <subfield code="a">Dealecsandris, Ricardo P.</subfield>
  </datafield>
  <datafield tag="700" ind1="1" ind2=" ">
    <subfield code="a">Malenoski Benezet, Jorge A.</subfield>
  </datafield>
  <datafield tag="700" ind1="1" ind2=" ">
    <subfield code="a">Messuti, Domingo Jorge</subfield>
  </datafield>
  <datafield tag="700" ind1="1" ind2=" ">
    <subfield code="a">Raimondi, Carlos A.</subfield>
  </datafield>
  <datafield tag="650" ind1=" " ind2=" ">
    <subfield code="a">Organizaci&#xF3;n</subfield>
  </datafield>
  <datafield tag="650" ind1=" " ind2=" ">
    <subfield code="a">ADMINISTRACION DE EMPRESAS</subfield>
  </datafield>
  <datafield tag="856" ind1="4" ind2="1">
    <subfield code="u">https://biblioeco.unsa.edu.ar/pmb/images/revistas/Administracion de Empresas.jpg</subfield>
    <subfield code="y">Imagen de portada</subfield>
    <subfield code="q">image/jpeg</subfield>
  </datafield>
  <datafield tag="999" ind1=" " ind2=" ">
    <subfield code="c">8392</subfield>
    <subfield code="d">8392</subfield>
  </datafield>
  <datafield tag="952" ind1=" " ind2=" ">
    <subfield code="0">0</subfield>
    <subfield code="1">0</subfield>
    <subfield code="4">0</subfield>
    <subfield code="7">0</subfield>
    <subfield code="a">BCEJYS</subfield>
    <subfield code="b">BCEJYS</subfield>
    <subfield code="c">17</subfield>
    <subfield code="d">1989-04-01</subfield>
    <subfield code="h">A&#xF1;o XX, N&#xBA; 229/230 - abr./may. 1989</subfield>
    <subfield code="l">0</subfield>
    <subfield code="o">H658 ADM 229/230</subfield>
    <subfield code="p">R03296</subfield>
    <subfield code="r">2026-04-10 16:06:26</subfield>
    <subfield code="w">2026-04-10</subfield>
    <subfield code="y">RN</subfield>
  </datafield>
  <datafield tag="952" ind1=" " ind2=" ">
    <subfield code="0">0</subfield>
    <subfield code="1">0</subfield>
    <subfield code="4">0</subfield>
    <subfield code="7">0</subfield>
    <subfield code="a">BCEJYS</subfield>
    <subfield code="b">BCEJYS</subfield>
    <subfield code="c">17</subfield>
    <subfield code="d">1988-10-01</subfield>
    <subfield code="h">A&#xF1;o XIX, N&#xBA; 223/224 - oct./nov. 1988</subfield>
    <subfield code="l">0</subfield>
    <subfield code="o">H658 ADM 223/224</subfield>
    <subfield code="p">R03295</subfield>
    <subfield code="r">2026-04-10 16:06:26</subfield>
    <subfield code="w">2026-04-10</subfield>
    <subfield code="y">RN</subfield>
  </datafield>
  <datafield tag="952" ind1=" " ind2=" ">
    <subfield code="0">0</subfield>
    <subfield code="1">0</subfield>
    <subfield code="4">0</subfield>
    <subfield code="7">0</subfield>
    <subfield code="a">BCEJYS</subfield>
    <subfield code="b">BCEJYS</subfield>
    <subfield code="c">17</subfield>
    <subfield code="d">1988-08-01</subfield>
    <subfield code="h">A&#xF1;o XIX, N&#xBA; 221/222 - ago./sep. 1988</subfield>
    <subfield code="l">0</subfield>
    <subfield code="o">H658 ADM 221/222</subfield>
    <subfield code="p">R03294</subfield>
    <subfield code="r">2026-04-10 16:06:26</subfield>
    <subfield code="w">2026-04-10</subfield>
    <subfield code="y">RN</subfield>
  </datafield>
  <datafield tag="952" ind1=" " ind2=" ">
    <subfield code="0">0</subfield>
    <subfield code="1">0</subfield>
    <subfield code="4">0</subfield>
    <subfield code="7">0</subfield>
    <subfield code="a">BCEJYS</subfield>
    <subfield code="b">BCEJYS</subfield>
    <subfield code="c">17</subfield>
    <subfield code="d">1988-05-01</subfield>
    <subfield code="h">A&#xF1;o XIX, N&#xBA; 218 - may. 1988</subfield>
    <subfield code="l">0</subfield>
    <subfield code="o">H658 ADM 218</subfield>
    <subfield code="p">R03293</subfield>
    <subfield code="r">2026-04-10 16:06:26</subfield>
    <subfield code="w">2026-04-10</subfield>
    <subfield code="y">RN</subfield>
  </datafield>
  <datafield tag="952" ind1=" " ind2=" ">
    <subfield code="0">0</subfield>
    <subfield code="1">0</subfield>
    <subfield code="4">0</subfield>
    <subfield code="7">0</subfield>
    <subfield code="a">BCEJYS</subfield>
    <subfield code="b">BCEJYS</subfield>
    <subfield code="c">17</subfield>
    <subfield code="d">1988-02-01</subfield>
    <subfield code="h">A&#xF1;o XVIII, N&#xBA; 215/216 - feb./mar. 1988</subfield>
    <subfield code="l">0</subfield>
    <subfield code="o">H658 ADM 215/216</subfield>
    <subfield code="p">R03292</subfield>
    <subfield code="r">2026-04-10 16:06:26</subfield>
    <subfield code="w">2026-04-10</subfield>
    <subfield code="y">RN</subfield>
  </datafield>
  <datafield tag="952" ind1=" " ind2=" ">
    <subfield code="0">0</subfield>
    <subfield code="1">0</subfield>
    <subfield code="4">0</subfield>
    <subfield code="7">0</subfield>
    <subfield code="a">BCEJYS</subfield>
    <subfield code="b">BCEJYS</subfield>
    <subfield code="c">17</subfield>
    <subfield code="d">1988-01-01</subfield>
    <subfield code="h">A&#xF1;o XVIII, N&#xBA; 214 - ene. 1988</subfield>
    <subfield code="l">0</subfield>
    <subfield code="o">H658 ADM 214 Ej.2</subfield>
    <subfield code="p">R03291</subfield>
    <subfield code="r">2026-04-10 16:06:26</subfield>
    <subfield code="w">2026-04-10</subfield>
    <subfield code="y">RN</subfield>
  </datafield>
  <datafield tag="952" ind1=" " ind2=" ">
    <subfield code="0">0</subfield>
    <subfield code="1">0</subfield>
    <subfield code="4">0</subfield>
    <subfield code="7">0</subfield>
    <subfield code="a">BCEJYS</subfield>
    <subfield code="b">BCEJYS</subfield>
    <subfield code="c">17</subfield>
    <subfield code="d">1988-01-01</subfield>
    <subfield code="h">A&#xF1;o XVIII, N&#xBA; 214 - ene. 1988</subfield>
    <subfield code="l">0</subfield>
    <subfield code="o">H658 ADM 214</subfield>
    <subfield code="p">R03290</subfield>
    <subfield code="r">2026-04-10 16:06:26</subfield>
    <subfield code="w">2026-04-10</subfield>
    <subfield code="y">RN</subfield>
  </datafield>
  <datafield tag="952" ind1=" " ind2=" ">
    <subfield code="0">0</subfield>
    <subfield code="1">0</subfield>
    <subfield code="4">0</subfield>
    <subfield code="7">0</subfield>
    <subfield code="a">BCEJYS</subfield>
    <subfield code="b">BCEJYS</subfield>
    <subfield code="c">17</subfield>
    <subfield code="d">1987-12-01</subfield>
    <subfield code="h">A&#xF1;o XVIII, N&#xBA; 213 - dic. 1987</subfield>
    <subfield code="l">0</subfield>
    <subfield code="o">H658 ADM 213</subfield>
    <subfield code="p">R03289</subfield>
    <subfield code="r">2026-04-10 16:06:26</subfield>
    <subfield code="w">2026-04-10</subfield>
    <subfield code="y">RN</subfield>
  </datafield>
  <datafield tag="952" ind1=" " ind2=" ">
    <subfield code="0">0</subfield>
    <subfield code="1">0</subfield>
    <subfield code="4">0</subfield>
    <subfield code="7">0</subfield>
    <subfield code="a">BCEJYS</subfield>
    <subfield code="b">BCEJYS</subfield>
    <subfield code="c">17</subfield>
    <subfield code="d">1987-11-01</subfield>
    <subfield code="h">A&#xF1;o XVIII, N&#xBA; 212 - nov. 1987</subfield>
    <subfield code="l">0</subfield>
    <subfield code="o">H658 ADM 212</subfield>
    <subfield code="p">R03288</subfield>
    <subfield code="r">2026-04-10 16:06:26</subfield>
    <subfield code="w">2026-04-10</subfield>
    <subfield code="y">RN</subfield>
  </datafield>
  <datafield tag="952" ind1=" " ind2=" ">
    <subfield code="0">0</subfield>
    <subfield code="1">0</subfield>
    <subfield code="4">0</subfield>
    <subfield code="7">0</subfield>
    <subfield code="a">BCEJYS</subfield>
    <subfield code="b">BCEJYS</subfield>
    <subfield code="c">17</subfield>
    <subfield code="d">1987-10-01</subfield>
    <subfield code="h">A&#xF1;o XVIII, N&#xBA; 211 - oct. 1987</subfield>
    <subfield code="l">0</subfield>
    <subfield code="o">H658 ADM 211</subfield>
    <subfield code="p">R03287</subfield>
    <subfield code="r">2026-04-10 16:06:26</subfield>
    <subfield code="w">2026-04-10</subfield>
    <subfield code="y">RN</subfield>
  </datafield>
  <datafield tag="952" ind1=" " ind2=" ">
    <subfield code="0">0</subfield>
    <subfield code="1">0</subfield>
    <subfield code="4">0</subfield>
    <subfield code="7">0</subfield>
    <subfield code="a">BCEJYS</subfield>
    <subfield code="b">BCEJYS</subfield>
    <subfield code="c">17</subfield>
    <subfield code="d">1987-07-01</subfield>
    <subfield code="h">A&#xF1;o XVIII, N&#xBA; 208 - jul. 1987</subfield>
    <subfield code="l">0</subfield>
    <subfield code="o">H658 ADM 208</subfield>
    <subfield code="p">R03286</subfield>
    <subfield code="r">2026-04-10 16:06:26</subfield>
    <subfield code="w">2026-04-10</subfield>
    <subfield code="y">RN</subfield>
  </datafield>
  <datafield tag="952" ind1=" " ind2=" ">
    <subfield code="0">0</subfield>
    <subfield code="1">0</subfield>
    <subfield code="4">0</subfield>
    <subfield code="7">0</subfield>
    <subfield code="a">BCEJYS</subfield>
    <subfield code="b">BCEJYS</subfield>
    <subfield code="c">17</subfield>
    <subfield code="d">1987-05-01</subfield>
    <subfield code="h">A&#xF1;o XVIII, N&#xBA; 206 - may. 1987</subfield>
    <subfield code="l">0</subfield>
    <subfield code="o">H658 ADM 206</subfield>
    <subfield code="p">R03285</subfield>
    <subfield code="r">2026-04-10 16:06:26</subfield>
    <subfield code="w">2026-04-10</subfield>
    <subfield code="y">RN</subfield>
  </datafield>
  <datafield tag="952" ind1=" " ind2=" ">
    <subfield code="0">0</subfield>
    <subfield code="1">0</subfield>
    <subfield code="4">0</subfield>
    <subfield code="7">0</subfield>
    <subfield code="a">BCEJYS</subfield>
    <subfield code="b">BCEJYS</subfield>
    <subfield code="c">17</subfield>
    <subfield code="d">1987-04-01</subfield>
    <subfield code="h">A&#xF1;o XVIII, N&#xBA; 205 - abr. 1987</subfield>
    <subfield code="l">0</subfield>
    <subfield code="o">H658 ADM 205</subfield>
    <subfield code="p">R03284</subfield>
    <subfield code="r">2026-04-10 16:06:26</subfield>
    <subfield code="w">2026-04-10</subfield>
    <subfield code="y">RN</subfield>
  </datafield>
  <datafield tag="952" ind1=" " ind2=" ">
    <subfield code="0">0</subfield>
    <subfield code="1">0</subfield>
    <subfield code="4">0</subfield>
    <subfield code="7">0</subfield>
    <subfield code="a">BCEJYS</subfield>
    <subfield code="b">BCEJYS</subfield>
    <subfield code="c">17</subfield>
    <subfield code="d">1987-02-01</subfield>
    <subfield code="h">A&#xF1;o XVII, N&#xBA; 203 - feb. 1987</subfield>
    <subfield code="l">0</subfield>
    <subfield code="o">H658 ADM 203</subfield>
    <subfield code="p">R03306</subfield>
    <subfield code="r">2026-04-10 16:06:26</subfield>
    <subfield code="w">2026-04-10</subfield>
    <subfield code="y">RN</subfield>
  </datafield>
  <datafield tag="952" ind1=" " ind2=" ">
    <subfield code="0">0</subfield>
    <subfield code="1">0</subfield>
    <subfield code="4">0</subfield>
    <subfield code="7">0</subfield>
    <subfield code="a">BCEJYS</subfield>
    <subfield code="b">BCEJYS</subfield>
    <subfield code="c">17</subfield>
    <subfield code="d">1987-01-01</subfield>
    <subfield code="h">A&#xF1;o XVII, N&#xBA; 202 - ene. 1987</subfield>
    <subfield code="l">0</subfield>
    <subfield code="o">H658 ADM 202</subfield>
    <subfield code="p">R03277</subfield>
    <subfield code="r">2026-04-10 16:06:26</subfield>
    <subfield code="w">2026-04-10</subfield>
    <subfield code="y">RN</subfield>
  </datafield>
  <datafield tag="952" ind1=" " ind2=" ">
    <subfield code="0">0</subfield>
    <subfield code="1">0</subfield>
    <subfield code="4">0</subfield>
    <subfield code="7">0</subfield>
    <subfield code="a">BCEJYS</subfield>
    <subfield code="b">BCEJYS</subfield>
    <subfield code="c">17</subfield>
    <subfield code="d">1986-12-01</subfield>
    <subfield code="h">A&#xF1;o XVII, N&#xBA; 201 - dic. 1986</subfield>
    <subfield code="l">0</subfield>
    <subfield code="o">H658 ADM 201</subfield>
    <subfield code="p">R03278</subfield>
    <subfield code="r">2026-04-10 16:06:26</subfield>
    <subfield code="w">2026-04-10</subfield>
    <subfield code="y">RN</subfield>
  </datafield>
  <datafield tag="952" ind1=" " ind2=" ">
    <subfield code="0">0</subfield>
    <subfield code="1">0</subfield>
    <subfield code="4">0</subfield>
    <subfield code="7">0</subfield>
    <subfield code="a">BCEJYS</subfield>
    <subfield code="b">BCEJYS</subfield>
    <subfield code="c">17</subfield>
    <subfield code="d">1986-10-01</subfield>
    <subfield code="h">A&#xF1;o XVII, N&#xBA; 200 - nov. 1986</subfield>
    <subfield code="l">0</subfield>
    <subfield code="o">H658 ADM 200</subfield>
    <subfield code="p">R03279</subfield>
    <subfield code="r">2026-04-10 16:06:26</subfield>
    <subfield code="w">2026-04-10</subfield>
    <subfield code="y">RN</subfield>
  </datafield>
  <datafield tag="952" ind1=" " ind2=" ">
    <subfield code="0">0</subfield>
    <subfield code="1">0</subfield>
    <subfield code="4">0</subfield>
    <subfield code="7">0</subfield>
    <subfield code="a">BCEJYS</subfield>
    <subfield code="b">BCEJYS</subfield>
    <subfield code="c">17</subfield>
    <subfield code="d">1986-10-01</subfield>
    <subfield code="h">A&#xF1;o XVII, N&#xBA; 199 - oct. 1986</subfield>
    <subfield code="l">0</subfield>
    <subfield code="o">H658 ADM 199</subfield>
    <subfield code="p">R03280</subfield>
    <subfield code="r">2026-04-10 16:06:26</subfield>
    <subfield code="w">2026-04-10</subfield>
    <subfield code="y">RN</subfield>
  </datafield>
  <datafield tag="952" ind1=" " ind2=" ">
    <subfield code="0">0</subfield>
    <subfield code="1">0</subfield>
    <subfield code="4">0</subfield>
    <subfield code="7">0</subfield>
    <subfield code="a">BCEJYS</subfield>
    <subfield code="b">BCEJYS</subfield>
    <subfield code="c">17</subfield>
    <subfield code="d">1986-07-01</subfield>
    <subfield code="h">A&#xF1;o XVII, N&#xBA; 196 - jul. 1986</subfield>
    <subfield code="l">0</subfield>
    <subfield code="o">H658 ADM 196</subfield>
    <subfield code="p">R03281</subfield>
    <subfield code="r">2026-04-10 16:06:26</subfield>
    <subfield code="w">2026-04-10</subfield>
    <subfield code="y">RN</subfield>
  </datafield>
  <datafield tag="952" ind1=" " ind2=" ">
    <subfield code="0">0</subfield>
    <subfield code="1">0</subfield>
    <subfield code="4">0</subfield>
    <subfield code="7">0</subfield>
    <subfield code="a">BCEJYS</subfield>
    <subfield code="b">BCEJYS</subfield>
    <subfield code="c">17</subfield>
    <subfield code="d">1986-06-01</subfield>
    <subfield code="h">A&#xF1;o XVII, N&#xBA; 195 - jun. 1986</subfield>
    <subfield code="l">0</subfield>
    <subfield code="o">H658 ADM 195</subfield>
    <subfield code="p">R03282</subfield>
    <subfield code="r">2026-04-10 16:06:26</subfield>
    <subfield code="w">2026-04-10</subfield>
    <subfield code="y">RN</subfield>
  </datafield>
  <datafield tag="952" ind1=" " ind2=" ">
    <subfield code="0">0</subfield>
    <subfield code="1">0</subfield>
    <subfield code="4">0</subfield>
    <subfield code="7">0</subfield>
    <subfield code="a">BCEJYS</subfield>
    <subfield code="b">BCEJYS</subfield>
    <subfield code="c">17</subfield>
    <subfield code="d">1986-04-01</subfield>
    <subfield code="h">A&#xF1;o XVII, N&#xBA; 193 - abr. 1986</subfield>
    <subfield code="l">0</subfield>
    <subfield code="o">H658 ADM 193</subfield>
    <subfield code="p">R03283</subfield>
    <subfield code="r">2026-04-10 16:06:26</subfield>
    <subfield code="w">2026-04-10</subfield>
    <subfield code="y">RN</subfield>
  </datafield>
  <datafield tag="952" ind1=" " ind2=" ">
    <subfield code="0">0</subfield>
    <subfield code="1">0</subfield>
    <subfield code="4">0</subfield>
    <subfield code="7">0</subfield>
    <subfield code="a">BCEJYS</subfield>
    <subfield code="b">BCEJYS</subfield>
    <subfield code="c">17</subfield>
    <subfield code="d">1986-03-01</subfield>
    <subfield code="h">A&#xF1;o XVI, N&#xBA; 192 - mar. 1986</subfield>
    <subfield code="l">0</subfield>
    <subfield code="o">H658 ADM 192</subfield>
    <subfield code="p">R03297</subfield>
    <subfield code="r">2026-04-10 16:06:26</subfield>
    <subfield code="w">2026-04-10</subfield>
    <subfield code="y">RN</subfield>
  </datafield>
  <datafield tag="952" ind1=" " ind2=" ">
    <subfield code="0">0</subfield>
    <subfield code="1">0</subfield>
    <subfield code="4">0</subfield>
    <subfield code="7">0</subfield>
    <subfield code="a">BCEJYS</subfield>
    <subfield code="b">BCEJYS</subfield>
    <subfield code="c">17</subfield>
    <subfield code="d">1986-02-01</subfield>
    <subfield code="h">A&#xF1;o XVI, N&#xBA; 191 - feb. 1986</subfield>
    <subfield code="l">0</subfield>
    <subfield code="o">H658 ADM 191</subfield>
    <subfield code="p">R03305</subfield>
    <subfield code="r">2026-04-10 16:06:26</subfield>
    <subfield code="w">2026-04-10</subfield>
    <subfield code="y">RN</subfield>
  </datafield>
  <datafield tag="952" ind1=" " ind2=" ">
    <subfield code="0">0</subfield>
    <subfield code="1">0</subfield>
    <subfield code="4">0</subfield>
    <subfield code="7">0</subfield>
    <subfield code="a">BCEJYS</subfield>
    <subfield code="b">BCEJYS</subfield>
    <subfield code="c">17</subfield>
    <subfield code="d">1986-01-01</subfield>
    <subfield code="h">A&#xF1;o XVI, N&#xBA; 190 - ene. 1986</subfield>
    <subfield code="l">0</subfield>
    <subfield code="o">H658 ADM 190</subfield>
    <subfield code="p">R03304</subfield>
    <subfield code="r">2026-04-10 16:06:27</subfield>
    <subfield code="w">2026-04-10</subfield>
    <subfield code="y">RN</subfield>
  </datafield>
  <datafield tag="952" ind1=" " ind2=" ">
    <subfield code="0">0</subfield>
    <subfield code="1">0</subfield>
    <subfield code="4">0</subfield>
    <subfield code="7">0</subfield>
    <subfield code="a">BCEJYS</subfield>
    <subfield code="b">BCEJYS</subfield>
    <subfield code="c">17</subfield>
    <subfield code="d">1985-12-01</subfield>
    <subfield code="h">A&#xF1;o XVI, N&#xBA; 189 - dic. 1985</subfield>
    <subfield code="l">0</subfield>
    <subfield code="o">H658 ADM 189</subfield>
    <subfield code="p">R03358</subfield>
    <subfield code="r">2026-04-10 16:06:27</subfield>
    <subfield code="w">2026-04-10</subfield>
    <subfield code="y">RN</subfield>
  </datafield>
  <datafield tag="952" ind1=" " ind2=" ">
    <subfield code="0">0</subfield>
    <subfield code="1">0</subfield>
    <subfield code="4">0</subfield>
    <subfield code="7">0</subfield>
    <subfield code="a">BCEJYS</subfield>
    <subfield code="b">BCEJYS</subfield>
    <subfield code="c">17</subfield>
    <subfield code="d">1985-10-01</subfield>
    <subfield code="h">A&#xF1;o XVI, N&#xBA; 188 - nov. 1985</subfield>
    <subfield code="l">0</subfield>
    <subfield code="o">H658 ADM 188</subfield>
    <subfield code="p">R03299</subfield>
    <subfield code="r">2026-04-10 16:06:27</subfield>
    <subfield code="w">2026-04-10</subfield>
    <subfield code="y">RN</subfield>
  </datafield>
  <datafield tag="952" ind1=" " ind2=" ">
    <subfield code="0">0</subfield>
    <subfield code="1">0</subfield>
    <subfield code="4">0</subfield>
    <subfield code="7">0</subfield>
    <subfield code="a">BCEJYS</subfield>
    <subfield code="b">BCEJYS</subfield>
    <subfield code="c">17</subfield>
    <subfield code="d">1985-10-01</subfield>
    <subfield code="h">A&#xF1;o XVI, N&#xBA; 187 - oct. 1985</subfield>
    <subfield code="l">0</subfield>
    <subfield code="o">H658 ADM 187</subfield>
    <subfield code="p">R03303</subfield>
    <subfield code="r">2026-04-10 16:06:27</subfield>
    <subfield code="w">2026-04-10</subfield>
    <subfield code="y">RN</subfield>
  </datafield>
  <datafield tag="952" ind1=" " ind2=" ">
    <subfield code="0">0</subfield>
    <subfield code="1">0</subfield>
    <subfield code="4">0</subfield>
    <subfield code="7">0</subfield>
    <subfield code="a">BCEJYS</subfield>
    <subfield code="b">BCEJYS</subfield>
    <subfield code="c">17</subfield>
    <subfield code="d">1985-09-01</subfield>
    <subfield code="h">A&#xF1;o XVI, N&#xBA; 186 - sep. 1985</subfield>
    <subfield code="l">0</subfield>
    <subfield code="o">H658 ADM 186</subfield>
    <subfield code="p">R03302</subfield>
    <subfield code="r">2026-04-10 16:06:27</subfield>
    <subfield code="w">2026-04-10</subfield>
    <subfield code="y">RN</subfield>
  </datafield>
  <datafield tag="952" ind1=" " ind2=" ">
    <subfield code="0">0</subfield>
    <subfield code="1">0</subfield>
    <subfield code="4">0</subfield>
    <subfield code="7">0</subfield>
    <subfield code="a">BCEJYS</subfield>
    <subfield code="b">BCEJYS</subfield>
    <subfield code="c">17</subfield>
    <subfield code="d">1985-08-01</subfield>
    <subfield code="h">A&#xF1;o XVI, N&#xBA; 185 - ago. 1985</subfield>
    <subfield code="l">0</subfield>
    <subfield code="o">H658 ADM 185</subfield>
    <subfield code="p">R03357</subfield>
    <subfield code="r">2026-04-10 16:06:27</subfield>
    <subfield code="w">2026-04-10</subfield>
    <subfield code="y">RN</subfield>
  </datafield>
  <datafield tag="952" ind1=" " ind2=" ">
    <subfield code="0">0</subfield>
    <subfield code="1">0</subfield>
    <subfield code="4">0</subfield>
    <subfield code="7">0</subfield>
    <subfield code="a">BCEJYS</subfield>
    <subfield code="b">BCEJYS</subfield>
    <subfield code="c">17</subfield>
    <subfield code="d">1985-06-01</subfield>
    <subfield code="h">A&#xF1;o XVI, N&#xBA; 183 - jun. 1985</subfield>
    <subfield code="l">0</subfield>
    <subfield code="o">H658 ADM 183</subfield>
    <subfield code="p">R03300</subfield>
    <subfield code="r">2026-04-10 16:06:27</subfield>
    <subfield code="w">2026-04-10</subfield>
    <subfield code="y">RN</subfield>
  </datafield>
  <datafield tag="952" ind1=" " ind2=" ">
    <subfield code="0">0</subfield>
    <subfield code="1">0</subfield>
    <subfield code="4">0</subfield>
    <subfield code="7">0</subfield>
    <subfield code="a">BCEJYS</subfield>
    <subfield code="b">BCEJYS</subfield>
    <subfield code="c">17</subfield>
    <subfield code="d">1985-05-01</subfield>
    <subfield code="h">A&#xF1;o XVI, N&#xBA; 182 - mayo 1985</subfield>
    <subfield code="l">0</subfield>
    <subfield code="o">H658 ADM 182</subfield>
    <subfield code="p">R03301</subfield>
    <subfield code="r">2026-04-10 16:06:27</subfield>
    <subfield code="w">2026-04-10</subfield>
    <subfield code="y">RN</subfield>
  </datafield>
  <datafield tag="952" ind1=" " ind2=" ">
    <subfield code="0">0</subfield>
    <subfield code="1">0</subfield>
    <subfield code="4">0</subfield>
    <subfield code="7">0</subfield>
    <subfield code="a">BCEJYS</subfield>
    <subfield code="b">BCEJYS</subfield>
    <subfield code="c">17</subfield>
    <subfield code="d">1985-04-01</subfield>
    <subfield code="h">A&#xF1;o XVI, N&#xBA; 181 - abr. 1985</subfield>
    <subfield code="l">0</subfield>
    <subfield code="o">H658 ADM 181</subfield>
    <subfield code="p">R03298</subfield>
    <subfield code="r">2026-04-10 16:06:27</subfield>
    <subfield code="w">2026-04-10</subfield>
    <subfield code="y">RN</subfield>
  </datafield>
  <datafield tag="952" ind1=" " ind2=" ">
    <subfield code="0">0</subfield>
    <subfield code="1">0</subfield>
    <subfield code="4">0</subfield>
    <subfield code="7">0</subfield>
    <subfield code="a">BCEJYS</subfield>
    <subfield code="b">BCEJYS</subfield>
    <subfield code="c">17</subfield>
    <subfield code="d">1984-08-01</subfield>
    <subfield code="h">A&#xF1;o XV, N&#xBA; 173 - ago. 1984</subfield>
    <subfield code="l">0</subfield>
    <subfield code="o">H658 ADM 173</subfield>
    <subfield code="p">R03359</subfield>
    <subfield code="r">2026-04-10 16:06:27</subfield>
    <subfield code="w">2026-04-10</subfield>
    <subfield code="y">RN</subfield>
  </datafield>
  <datafield tag="952" ind1=" " ind2=" ">
    <subfield code="0">0</subfield>
    <subfield code="1">0</subfield>
    <subfield code="4">0</subfield>
    <subfield code="7">0</subfield>
    <subfield code="a">BCEJYS</subfield>
    <subfield code="b">BCEJYS</subfield>
    <subfield code="c">17</subfield>
    <subfield code="d">1984-08-01</subfield>
    <subfield code="h">A&#xF1;o XV, N&#xBA; 173 - ago. 1984</subfield>
    <subfield code="l">0</subfield>
    <subfield code="o">H658 ADM 173 Ej.2</subfield>
    <subfield code="p">R03360</subfield>
    <subfield code="r">2026-04-10 16:06:27</subfield>
    <subfield code="w">2026-04-10</subfield>
    <subfield code="y">RN</subfield>
  </datafield>
  <datafield tag="952" ind1=" " ind2=" ">
    <subfield code="0">0</subfield>
    <subfield code="1">0</subfield>
    <subfield code="4">0</subfield>
    <subfield code="7">0</subfield>
    <subfield code="a">BCEJYS</subfield>
    <subfield code="b">BCEJYS</subfield>
    <subfield code="c">17</subfield>
    <subfield code="d">1981-05-01</subfield>
    <subfield code="h">A&#xF1;o XII, N&#xBA; 134 - may. 1981</subfield>
    <subfield code="l">0</subfield>
    <subfield code="o">H658 ADM 134</subfield>
    <subfield code="p">R03307</subfield>
    <subfield code="r">2026-04-10 16:06:27</subfield>
    <subfield code="w">2026-04-10</subfield>
    <subfield code="y">RN</subfield>
  </datafield>
  <datafield tag="952" ind1=" " ind2=" ">
    <subfield code="0">0</subfield>
    <subfield code="1">0</subfield>
    <subfield code="4">0</subfield>
    <subfield code="7">0</subfield>
    <subfield code="a">BCEJYS</subfield>
    <subfield code="b">BCEJYS</subfield>
    <subfield code="c">17</subfield>
    <subfield code="d">1981-05-01</subfield>
    <subfield code="h">A&#xF1;o XII, N&#xBA; 134 - may. 1981</subfield>
    <subfield code="l">0</subfield>
    <subfield code="o">H658 ADM 134 Ej.2</subfield>
    <subfield code="p">R03308</subfield>
    <subfield code="r">2026-04-10 16:06:27</subfield>
    <subfield code="w">2026-04-10</subfield>
    <subfield code="y">RN</subfield>
  </datafield>
  <datafield tag="952" ind1=" " ind2=" ">
    <subfield code="0">0</subfield>
    <subfield code="1">0</subfield>
    <subfield code="4">0</subfield>
    <subfield code="7">0</subfield>
    <subfield code="a">BCEJYS</subfield>
    <subfield code="b">BCEJYS</subfield>
    <subfield code="c">17</subfield>
    <subfield code="d">1981-05-01</subfield>
    <subfield code="h">A&#xF1;o XII, N&#xBA; 134 - may. 1981</subfield>
    <subfield code="l">0</subfield>
    <subfield code="o">H658 ADM 134 Ej.3</subfield>
    <subfield code="p">R03309</subfield>
    <subfield code="r">2026-04-10 16:06:27</subfield>
    <subfield code="w">2026-04-10</subfield>
    <subfield code="y">RN</subfield>
  </datafield>
  <datafield tag="952" ind1=" " ind2=" ">
    <subfield code="0">0</subfield>
    <subfield code="1">0</subfield>
    <subfield code="4">0</subfield>
    <subfield code="7">0</subfield>
    <subfield code="a">BCEJYS</subfield>
    <subfield code="b">BCEJYS</subfield>
    <subfield code="c">17</subfield>
    <subfield code="d">1981-05-01</subfield>
    <subfield code="h">A&#xF1;o XII, N&#xBA; 134 - may. 1981</subfield>
    <subfield code="l">0</subfield>
    <subfield code="o">H658 ADM 134 Ej.4</subfield>
    <subfield code="p">R03310</subfield>
    <subfield code="r">2026-04-10 16:06:27</subfield>
    <subfield code="w">2026-04-10</subfield>
    <subfield code="y">RN</subfield>
  </datafield>
  <datafield tag="952" ind1=" " ind2=" ">
    <subfield code="0">0</subfield>
    <subfield code="1">0</subfield>
    <subfield code="4">0</subfield>
    <subfield code="7">0</subfield>
    <subfield code="a">BCEJYS</subfield>
    <subfield code="b">BCEJYS</subfield>
    <subfield code="c">17</subfield>
    <subfield code="d">1981-05-01</subfield>
    <subfield code="h">A&#xF1;o XII, N&#xBA; 134 - may. 1981</subfield>
    <subfield code="l">0</subfield>
    <subfield code="o">H658 ADM 134 Ej.5</subfield>
    <subfield code="p">R03311</subfield>
    <subfield code="r">2026-04-10 16:06:27</subfield>
    <subfield code="w">2026-04-10</subfield>
    <subfield code="y">RN</subfield>
  </datafield>
  <datafield tag="952" ind1=" " ind2=" ">
    <subfield code="0">0</subfield>
    <subfield code="1">0</subfield>
    <subfield code="4">0</subfield>
    <subfield code="7">0</subfield>
    <subfield code="a">BCEJYS</subfield>
    <subfield code="b">BCEJYS</subfield>
    <subfield code="c">17</subfield>
    <subfield code="d">1981-05-01</subfield>
    <subfield code="h">A&#xF1;o XII, N&#xBA; 134 - may. 1981</subfield>
    <subfield code="l">0</subfield>
    <subfield code="o">H658 ADM 134 Ej.6</subfield>
    <subfield code="p">R03312</subfield>
    <subfield code="r">2026-04-10 16:06:27</subfield>
    <subfield code="w">2026-04-10</subfield>
    <subfield code="y">RN</subfield>
  </datafield>
  <datafield tag="952" ind1=" " ind2=" ">
    <subfield code="0">0</subfield>
    <subfield code="1">0</subfield>
    <subfield code="4">0</subfield>
    <subfield code="7">0</subfield>
    <subfield code="a">BCEJYS</subfield>
    <subfield code="b">BCEJYS</subfield>
    <subfield code="c">17</subfield>
    <subfield code="d">1981-05-01</subfield>
    <subfield code="h">A&#xF1;o XII, N&#xBA; 134 - may. 1981</subfield>
    <subfield code="l">0</subfield>
    <subfield code="o">H658 ADM 134 Ej.7</subfield>
    <subfield code="p">R03313</subfield>
    <subfield code="r">2026-04-10 16:06:27</subfield>
    <subfield code="w">2026-04-10</subfield>
    <subfield code="y">RN</subfield>
  </datafield>
  <datafield tag="952" ind1=" " ind2=" ">
    <subfield code="0">0</subfield>
    <subfield code="1">0</subfield>
    <subfield code="4">0</subfield>
    <subfield code="7">0</subfield>
    <subfield code="a">BCEJYS</subfield>
    <subfield code="b">BCEJYS</subfield>
    <subfield code="c">17</subfield>
    <subfield code="d">1981-05-01</subfield>
    <subfield code="h">A&#xF1;o XII, N&#xBA; 134 - may. 1981</subfield>
    <subfield code="l">0</subfield>
    <subfield code="o">H658 ADM 134 Ej.8</subfield>
    <subfield code="p">R03314</subfield>
    <subfield code="r">2026-04-10 16:06:27</subfield>
    <subfield code="w">2026-04-10</subfield>
    <subfield code="y">RN</subfield>
  </datafield>
  <datafield tag="952" ind1=" " ind2=" ">
    <subfield code="0">0</subfield>
    <subfield code="1">0</subfield>
    <subfield code="4">0</subfield>
    <subfield code="7">0</subfield>
    <subfield code="a">BCEJYS</subfield>
    <subfield code="b">BCEJYS</subfield>
    <subfield code="c">17</subfield>
    <subfield code="d">1981-05-01</subfield>
    <subfield code="h">A&#xF1;o XII, N&#xBA; 134 - may. 1981</subfield>
    <subfield code="l">0</subfield>
    <subfield code="o">H658 ADM 134 Ej.9</subfield>
    <subfield code="p">R03315</subfield>
    <subfield code="r">2026-04-10 16:06:27</subfield>
    <subfield code="w">2026-04-10</subfield>
    <subfield code="y">RN</subfield>
  </datafield>
  <datafield tag="952" ind1=" " ind2=" ">
    <subfield code="0">0</subfield>
    <subfield code="1">0</subfield>
    <subfield code="4">0</subfield>
    <subfield code="7">0</subfield>
    <subfield code="a">BCEJYS</subfield>
    <subfield code="b">BCEJYS</subfield>
    <subfield code="c">17</subfield>
    <subfield code="d">1981-05-01</subfield>
    <subfield code="h">A&#xF1;o XII, N&#xBA; 134 - may. 1981</subfield>
    <subfield code="l">0</subfield>
    <subfield code="o">H658 ADM 134 Ej.10</subfield>
    <subfield code="p">R03316</subfield>
    <subfield code="r">2026-04-10 16:06:27</subfield>
    <subfield code="w">2026-04-10</subfield>
    <subfield code="y">RN</subfield>
  </datafield>
  <datafield tag="952" ind1=" " ind2=" ">
    <subfield code="0">0</subfield>
    <subfield code="1">0</subfield>
    <subfield code="4">0</subfield>
    <subfield code="7">0</subfield>
    <subfield code="a">BCEJYS</subfield>
    <subfield code="b">BCEJYS</subfield>
    <subfield code="c">17</subfield>
    <subfield code="d">1981-05-01</subfield>
    <subfield code="h">A&#xF1;o XII, N&#xBA; 134 - may. 1981</subfield>
    <subfield code="l">0</subfield>
    <subfield code="o">H658 ADM 134 Ej.11</subfield>
    <subfield code="p">R03317</subfield>
    <subfield code="r">2026-04-10 16:06:27</subfield>
    <subfield code="w">2026-04-10</subfield>
    <subfield code="y">RN</subfield>
  </datafield>
  <datafield tag="952" ind1=" " ind2=" ">
    <subfield code="0">0</subfield>
    <subfield code="1">0</subfield>
    <subfield code="4">0</subfield>
    <subfield code="7">0</subfield>
    <subfield code="a">BCEJYS</subfield>
    <subfield code="b">BCEJYS</subfield>
    <subfield code="c">17</subfield>
    <subfield code="d">1981-05-01</subfield>
    <subfield code="h">A&#xF1;o XII, N&#xBA; 134 - may. 1981</subfield>
    <subfield code="l">0</subfield>
    <subfield code="o">H658 ADM 134 Ej.12</subfield>
    <subfield code="p">R03318</subfield>
    <subfield code="r">2026-04-10 16:06:27</subfield>
    <subfield code="w">2026-04-10</subfield>
    <subfield code="y">RN</subfield>
  </datafield>
  <datafield tag="952" ind1=" " ind2=" ">
    <subfield code="0">0</subfield>
    <subfield code="1">0</subfield>
    <subfield code="4">0</subfield>
    <subfield code="7">0</subfield>
    <subfield code="a">BCEJYS</subfield>
    <subfield code="b">BCEJYS</subfield>
    <subfield code="c">17</subfield>
    <subfield code="d">1981-05-01</subfield>
    <subfield code="h">A&#xF1;o XII, N&#xBA; 134 - may. 1981</subfield>
    <subfield code="l">0</subfield>
    <subfield code="o">H658 ADM 134 Ej.13</subfield>
    <subfield code="p">R03319</subfield>
    <subfield code="r">2026-04-10 16:06:27</subfield>
    <subfield code="w">2026-04-10</subfield>
    <subfield code="y">RN</subfield>
  </datafield>
  <datafield tag="952" ind1=" " ind2=" ">
    <subfield code="0">0</subfield>
    <subfield code="1">0</subfield>
    <subfield code="4">0</subfield>
    <subfield code="7">0</subfield>
    <subfield code="a">BCEJYS</subfield>
    <subfield code="b">BCEJYS</subfield>
    <subfield code="c">17</subfield>
    <subfield code="d">1981-05-01</subfield>
    <subfield code="h">A&#xF1;o XII, N&#xBA; 134 - may. 1981</subfield>
    <subfield code="l">0</subfield>
    <subfield code="o">H658 ADM 134 Ej.14</subfield>
    <subfield code="p">R03320</subfield>
    <subfield code="r">2026-04-10 16:06:27</subfield>
    <subfield code="w">2026-04-10</subfield>
    <subfield code="y">RN</subfield>
  </datafield>
  <datafield tag="952" ind1=" " ind2=" ">
    <subfield code="0">0</subfield>
    <subfield code="1">0</subfield>
    <subfield code="4">0</subfield>
    <subfield code="7">0</subfield>
    <subfield code="a">BCEJYS</subfield>
    <subfield code="b">BCEJYS</subfield>
    <subfield code="c">17</subfield>
    <subfield code="d">1981-05-01</subfield>
    <subfield code="h">A&#xF1;o XII, N&#xBA; 134 - may. 1981</subfield>
    <subfield code="l">0</subfield>
    <subfield code="o">H658 ADM 134 Ej.15</subfield>
    <subfield code="p">R03321</subfield>
    <subfield code="r">2026-04-10 16:06:27</subfield>
    <subfield code="w">2026-04-10</subfield>
    <subfield code="y">RN</subfield>
  </datafield>
  <datafield tag="952" ind1=" " ind2=" ">
    <subfield code="0">0</subfield>
    <subfield code="1">0</subfield>
    <subfield code="4">0</subfield>
    <subfield code="7">0</subfield>
    <subfield code="a">BCEJYS</subfield>
    <subfield code="b">BCEJYS</subfield>
    <subfield code="c">17</subfield>
    <subfield code="d">1981-05-01</subfield>
    <subfield code="h">A&#xF1;o XII, N&#xBA; 134 - may. 1981</subfield>
    <subfield code="l">0</subfield>
    <subfield code="o">H658 ADM 134 Ej.16</subfield>
    <subfield code="p">R03322</subfield>
    <subfield code="r">2026-04-10 16:06:27</subfield>
    <subfield code="w">2026-04-10</subfield>
    <subfield code="y">RN</subfield>
  </datafield>
  <datafield tag="952" ind1=" " ind2=" ">
    <subfield code="0">0</subfield>
    <subfield code="1">0</subfield>
    <subfield code="4">0</subfield>
    <subfield code="7">0</subfield>
    <subfield code="a">BCEJYS</subfield>
    <subfield code="b">BCEJYS</subfield>
    <subfield code="c">17</subfield>
    <subfield code="d">1981-05-01</subfield>
    <subfield code="h">A&#xF1;o XII, N&#xBA; 134 - may. 1981</subfield>
    <subfield code="l">0</subfield>
    <subfield code="o">H658 ADM 134 Ej.17</subfield>
    <subfield code="p">R03323</subfield>
    <subfield code="r">2026-04-10 16:06:27</subfield>
    <subfield code="w">2026-04-10</subfield>
    <subfield code="y">RN</subfield>
  </datafield>
  <datafield tag="952" ind1=" " ind2=" ">
    <subfield code="0">0</subfield>
    <subfield code="1">0</subfield>
    <subfield code="4">0</subfield>
    <subfield code="7">0</subfield>
    <subfield code="a">BCEJYS</subfield>
    <subfield code="b">BCEJYS</subfield>
    <subfield code="c">17</subfield>
    <subfield code="d">1981-05-01</subfield>
    <subfield code="h">A&#xF1;o XII, N&#xBA; 134 - may. 1981</subfield>
    <subfield code="l">0</subfield>
    <subfield code="o">H658 ADM 134 Ej.18</subfield>
    <subfield code="p">R03324</subfield>
    <subfield code="r">2026-04-10 16:06:27</subfield>
    <subfield code="w">2026-04-10</subfield>
    <subfield code="y">RN</subfield>
  </datafield>
  <datafield tag="952" ind1=" " ind2=" ">
    <subfield code="0">0</subfield>
    <subfield code="1">0</subfield>
    <subfield code="4">0</subfield>
    <subfield code="7">0</subfield>
    <subfield code="a">BCEJYS</subfield>
    <subfield code="b">BCEJYS</subfield>
    <subfield code="c">17</subfield>
    <subfield code="d">1981-05-01</subfield>
    <subfield code="h">A&#xF1;o XII, N&#xBA; 134 - may. 1981</subfield>
    <subfield code="l">0</subfield>
    <subfield code="o">H658 ADM 134 Ej.19</subfield>
    <subfield code="p">R03325</subfield>
    <subfield code="r">2026-04-10 16:06:27</subfield>
    <subfield code="w">2026-04-10</subfield>
    <subfield code="y">RN</subfield>
  </datafield>
  <datafield tag="952" ind1=" " ind2=" ">
    <subfield code="0">0</subfield>
    <subfield code="1">0</subfield>
    <subfield code="4">0</subfield>
    <subfield code="7">0</subfield>
    <subfield code="a">BCEJYS</subfield>
    <subfield code="b">BCEJYS</subfield>
    <subfield code="c">17</subfield>
    <subfield code="d">1981-05-01</subfield>
    <subfield code="h">A&#xF1;o XII, N&#xBA; 134 - may. 1981</subfield>
    <subfield code="l">0</subfield>
    <subfield code="o">H658 ADM 134 Ej.20</subfield>
    <subfield code="p">R03326</subfield>
    <subfield code="r">2026-04-10 16:06:27</subfield>
    <subfield code="w">2026-04-10</subfield>
    <subfield code="y">RN</subfield>
  </datafield>
  <datafield tag="952" ind1=" " ind2=" ">
    <subfield code="0">0</subfield>
    <subfield code="1">0</subfield>
    <subfield code="4">0</subfield>
    <subfield code="7">0</subfield>
    <subfield code="a">BCEJYS</subfield>
    <subfield code="b">BCEJYS</subfield>
    <subfield code="c">17</subfield>
    <subfield code="d">1977-03-01</subfield>
    <subfield code="h">A&#xF1;o 7, N&#xBA; 84 - mar. 1977</subfield>
    <subfield code="l">0</subfield>
    <subfield code="o">H658 ADM 84</subfield>
    <subfield code="p">R10393</subfield>
    <subfield code="r">2026-04-10 16:06:27</subfield>
    <subfield code="w">2026-04-10</subfield>
    <subfield code="y">RN</subfield>
  </datafield>
  <datafield tag="952" ind1=" " ind2=" ">
    <subfield code="0">0</subfield>
    <subfield code="1">0</subfield>
    <subfield code="4">0</subfield>
    <subfield code="7">0</subfield>
    <subfield code="a">BCEJYS</subfield>
    <subfield code="b">BCEJYS</subfield>
    <subfield code="c">17</subfield>
    <subfield code="d">1977-02-01</subfield>
    <subfield code="h">A&#xF1;o 7, N&#xBA; 83 - feb. 1977</subfield>
    <subfield code="l">0</subfield>
    <subfield code="o">H658 ADM 83</subfield>
    <subfield code="p">R03327</subfield>
    <subfield code="r">2026-04-10 16:06:27</subfield>
    <subfield code="w">2026-04-10</subfield>
    <subfield code="y">RN</subfield>
  </datafield>
  <datafield tag="952" ind1=" " ind2=" ">
    <subfield code="0">0</subfield>
    <subfield code="1">0</subfield>
    <subfield code="4">0</subfield>
    <subfield code="7">0</subfield>
    <subfield code="a">BCEJYS</subfield>
    <subfield code="b">BCEJYS</subfield>
    <subfield code="c">17</subfield>
    <subfield code="d">1977-01-01</subfield>
    <subfield code="h">A&#xF1;o 7, N&#xBA; 82 - ene. 1977</subfield>
    <subfield code="l">0</subfield>
    <subfield code="o">H658 ADM 82</subfield>
    <subfield code="p">R03328</subfield>
    <subfield code="r">2026-04-10 16:06:27</subfield>
    <subfield code="w">2026-04-10</subfield>
    <subfield code="y">RN</subfield>
  </datafield>
  <datafield tag="952" ind1=" " ind2=" ">
    <subfield code="0">0</subfield>
    <subfield code="1">0</subfield>
    <subfield code="4">0</subfield>
    <subfield code="7">0</subfield>
    <subfield code="a">BCEJYS</subfield>
    <subfield code="b">BCEJYS</subfield>
    <subfield code="c">17</subfield>
    <subfield code="d">1976-12-01</subfield>
    <subfield code="h">A&#xF1;o 7, N&#xBA; 81 - dic. 1976</subfield>
    <subfield code="l">0</subfield>
    <subfield code="o">H658 ADM 81</subfield>
    <subfield code="p">R03329</subfield>
    <subfield code="r">2026-04-10 16:06:27</subfield>
    <subfield code="w">2026-04-10</subfield>
    <subfield code="y">RN</subfield>
  </datafield>
  <datafield tag="952" ind1=" " ind2=" ">
    <subfield code="0">0</subfield>
    <subfield code="1">0</subfield>
    <subfield code="4">0</subfield>
    <subfield code="7">0</subfield>
    <subfield code="a">BCEJYS</subfield>
    <subfield code="b">BCEJYS</subfield>
    <subfield code="c">17</subfield>
    <subfield code="d">1976-11-01</subfield>
    <subfield code="h">A&#xF1;o 7, N&#xBA; 80 - nov. 1976</subfield>
    <subfield code="l">0</subfield>
    <subfield code="o">H658 ADM 80</subfield>
    <subfield code="p">R03330</subfield>
    <subfield code="r">2026-04-10 16:06:27</subfield>
    <subfield code="w">2026-04-10</subfield>
    <subfield code="y">RN</subfield>
  </datafield>
  <datafield tag="952" ind1=" " ind2=" ">
    <subfield code="0">0</subfield>
    <subfield code="1">0</subfield>
    <subfield code="4">0</subfield>
    <subfield code="7">0</subfield>
    <subfield code="a">BCEJYS</subfield>
    <subfield code="b">BCEJYS</subfield>
    <subfield code="c">17</subfield>
    <subfield code="d">1976-10-01</subfield>
    <subfield code="h">A&#xF1;o 7, N&#xBA; 79 - oct. 1976</subfield>
    <subfield code="l">0</subfield>
    <subfield code="o">H658 ADM 79</subfield>
    <subfield code="p">R03331</subfield>
    <subfield code="r">2026-04-10 16:06:27</subfield>
    <subfield code="w">2026-04-10</subfield>
    <subfield code="y">RN</subfield>
  </datafield>
  <datafield tag="952" ind1=" " ind2=" ">
    <subfield code="0">0</subfield>
    <subfield code="1">0</subfield>
    <subfield code="4">0</subfield>
    <subfield code="7">0</subfield>
    <subfield code="a">BCEJYS</subfield>
    <subfield code="b">BCEJYS</subfield>
    <subfield code="c">17</subfield>
    <subfield code="d">1976-09-01</subfield>
    <subfield code="h">A&#xF1;o 7, N&#xBA; 78 - sep. 1976</subfield>
    <subfield code="l">0</subfield>
    <subfield code="o">H658 ADM 78</subfield>
    <subfield code="p">R03332</subfield>
    <subfield code="r">2026-04-10 16:06:27</subfield>
    <subfield code="w">2026-04-10</subfield>
    <subfield code="y">RN</subfield>
  </datafield>
  <datafield tag="952" ind1=" " ind2=" ">
    <subfield code="0">0</subfield>
    <subfield code="1">0</subfield>
    <subfield code="4">0</subfield>
    <subfield code="7">0</subfield>
    <subfield code="a">BCEJYS</subfield>
    <subfield code="b">BCEJYS</subfield>
    <subfield code="c">17</subfield>
    <subfield code="d">1976-08-01</subfield>
    <subfield code="h">A&#xF1;o 7, N&#xBA; 77 - ago. 1976</subfield>
    <subfield code="l">0</subfield>
    <subfield code="o">H658 ADM 77</subfield>
    <subfield code="p">R03333</subfield>
    <subfield code="r">2026-04-10 16:06:27</subfield>
    <subfield code="w">2026-04-10</subfield>
    <subfield code="y">RN</subfield>
  </datafield>
  <datafield tag="952" ind1=" " ind2=" ">
    <subfield code="0">0</subfield>
    <subfield code="1">0</subfield>
    <subfield code="4">0</subfield>
    <subfield code="7">0</subfield>
    <subfield code="a">BCEJYS</subfield>
    <subfield code="b">BCEJYS</subfield>
    <subfield code="c">17</subfield>
    <subfield code="d">1976-07-01</subfield>
    <subfield code="h">A&#xF1;o 7, N&#xBA; 76 - jul. 1976</subfield>
    <subfield code="l">0</subfield>
    <subfield code="o">H658 ADM 76</subfield>
    <subfield code="p">R03334</subfield>
    <subfield code="r">2026-04-10 16:06:27</subfield>
    <subfield code="w">2026-04-10</subfield>
    <subfield code="y">RN</subfield>
  </datafield>
  <datafield tag="952" ind1=" " ind2=" ">
    <subfield code="0">0</subfield>
    <subfield code="1">0</subfield>
    <subfield code="4">0</subfield>
    <subfield code="7">0</subfield>
    <subfield code="a">BCEJYS</subfield>
    <subfield code="b">BCEJYS</subfield>
    <subfield code="c">17</subfield>
    <subfield code="d">1976-06-01</subfield>
    <subfield code="h">A&#xF1;o 7, N&#xBA; 75 - jun. 1976</subfield>
    <subfield code="l">0</subfield>
    <subfield code="o">H658 ADM 75</subfield>
    <subfield code="p">R10395</subfield>
    <subfield code="r">2026-04-10 16:06:27</subfield>
    <subfield code="w">2026-04-10</subfield>
    <subfield code="y">RN</subfield>
  </datafield>
  <datafield tag="952" ind1=" " ind2=" ">
    <subfield code="0">0</subfield>
    <subfield code="1">0</subfield>
    <subfield code="4">0</subfield>
    <subfield code="7">0</subfield>
    <subfield code="a">BCEJYS</subfield>
    <subfield code="b">BCEJYS</subfield>
    <subfield code="c">17</subfield>
    <subfield code="d">1976-05-01</subfield>
    <subfield code="h">A&#xF1;o 7, N&#xBA; 74 - may. 1976</subfield>
    <subfield code="l">0</subfield>
    <subfield code="o">H658 ADM 74</subfield>
    <subfield code="p">R03335</subfield>
    <subfield code="r">2026-04-10 16:06:27</subfield>
    <subfield code="w">2026-04-10</subfield>
    <subfield code="y">RN</subfield>
  </datafield>
  <datafield tag="952" ind1=" " ind2=" ">
    <subfield code="0">0</subfield>
    <subfield code="1">0</subfield>
    <subfield code="4">0</subfield>
    <subfield code="7">0</subfield>
    <subfield code="a">BCEJYS</subfield>
    <subfield code="b">BCEJYS</subfield>
    <subfield code="c">17</subfield>
    <subfield code="d">1976-04-01</subfield>
    <subfield code="h">A&#xF1;o 7, N&#xBA; 73 - abr. 1976</subfield>
    <subfield code="l">0</subfield>
    <subfield code="o">H658 ADM 73</subfield>
    <subfield code="p">R03336</subfield>
    <subfield code="r">2026-04-10 16:06:27</subfield>
    <subfield code="w">2026-04-10</subfield>
    <subfield code="y">RN</subfield>
  </datafield>
  <datafield tag="952" ind1=" " ind2=" ">
    <subfield code="0">0</subfield>
    <subfield code="1">0</subfield>
    <subfield code="4">0</subfield>
    <subfield code="7">0</subfield>
    <subfield code="a">BCEJYS</subfield>
    <subfield code="b">BCEJYS</subfield>
    <subfield code="c">17</subfield>
    <subfield code="d">1976-03-01</subfield>
    <subfield code="h">A&#xF1;o 6, N&#xBA; 72 - mar. 1976</subfield>
    <subfield code="l">0</subfield>
    <subfield code="o">H658 ADM 72</subfield>
    <subfield code="p">R03337</subfield>
    <subfield code="r">2026-04-10 16:06:27</subfield>
    <subfield code="w">2026-04-10</subfield>
    <subfield code="y">RN</subfield>
  </datafield>
  <datafield tag="952" ind1=" " ind2=" ">
    <subfield code="0">0</subfield>
    <subfield code="1">0</subfield>
    <subfield code="4">0</subfield>
    <subfield code="7">0</subfield>
    <subfield code="a">BCEJYS</subfield>
    <subfield code="b">BCEJYS</subfield>
    <subfield code="c">17</subfield>
    <subfield code="d">1976-03-01</subfield>
    <subfield code="h">A&#xF1;o 6, N&#xBA; 72 - mar. 1976</subfield>
    <subfield code="l">0</subfield>
    <subfield code="o">H658 ADM 72 Ej.2</subfield>
    <subfield code="p">R12475</subfield>
    <subfield code="r">2026-04-10 16:06:27</subfield>
    <subfield code="w">2026-04-10</subfield>
    <subfield code="y">RN</subfield>
  </datafield>
  <datafield tag="952" ind1=" " ind2=" ">
    <subfield code="0">0</subfield>
    <subfield code="1">0</subfield>
    <subfield code="4">0</subfield>
    <subfield code="7">0</subfield>
    <subfield code="a">BCEJYS</subfield>
    <subfield code="b">BCEJYS</subfield>
    <subfield code="c">17</subfield>
    <subfield code="d">1976-02-01</subfield>
    <subfield code="h">A&#xF1;o 6, N&#xBA; 71 - feb. 1976</subfield>
    <subfield code="l">0</subfield>
    <subfield code="o">H658 ADM 71</subfield>
    <subfield code="p">R03338</subfield>
    <subfield code="r">2026-04-10 16:06:27</subfield>
    <subfield code="w">2026-04-10</subfield>
    <subfield code="y">RN</subfield>
  </datafield>
  <datafield tag="952" ind1=" " ind2=" ">
    <subfield code="0">0</subfield>
    <subfield code="1">0</subfield>
    <subfield code="4">0</subfield>
    <subfield code="7">0</subfield>
    <subfield code="a">BCEJYS</subfield>
    <subfield code="b">BCEJYS</subfield>
    <subfield code="c">17</subfield>
    <subfield code="d">1976-02-01</subfield>
    <subfield code="h">A&#xF1;o 6, N&#xBA; 71 - feb. 1976</subfield>
    <subfield code="l">0</subfield>
    <subfield code="o">H658 ADM 71 Ej.2</subfield>
    <subfield code="p">R12474</subfield>
    <subfield code="r">2026-04-10 16:06:27</subfield>
    <subfield code="w">2026-04-10</subfield>
    <subfield code="y">RN</subfield>
  </datafield>
  <datafield tag="952" ind1=" " ind2=" ">
    <subfield code="0">0</subfield>
    <subfield code="1">0</subfield>
    <subfield code="4">0</subfield>
    <subfield code="7">0</subfield>
    <subfield code="a">BCEJYS</subfield>
    <subfield code="b">BCEJYS</subfield>
    <subfield code="c">17</subfield>
    <subfield code="d">1976-01-01</subfield>
    <subfield code="h">A&#xF1;o 6, N&#xBA; 70 - ene. 1976</subfield>
    <subfield code="l">0</subfield>
    <subfield code="o">H658 ADM 70</subfield>
    <subfield code="p">R12473</subfield>
    <subfield code="r">2026-04-10 16:06:27</subfield>
    <subfield code="w">2026-04-10</subfield>
    <subfield code="y">RN</subfield>
  </datafield>
  <datafield tag="952" ind1=" " ind2=" ">
    <subfield code="0">0</subfield>
    <subfield code="1">0</subfield>
    <subfield code="4">0</subfield>
    <subfield code="7">0</subfield>
    <subfield code="a">BCEJYS</subfield>
    <subfield code="b">BCEJYS</subfield>
    <subfield code="c">17</subfield>
    <subfield code="d">1975-12-01</subfield>
    <subfield code="h">A&#xF1;o 6, N&#xBA; 69 - dic. 1975</subfield>
    <subfield code="l">0</subfield>
    <subfield code="o">H658 ADM 69</subfield>
    <subfield code="p">R03339</subfield>
    <subfield code="r">2026-04-10 16:06:27</subfield>
    <subfield code="w">2026-04-10</subfield>
    <subfield code="y">RN</subfield>
  </datafield>
  <datafield tag="952" ind1=" " ind2=" ">
    <subfield code="0">0</subfield>
    <subfield code="1">0</subfield>
    <subfield code="4">0</subfield>
    <subfield code="7">0</subfield>
    <subfield code="a">BCEJYS</subfield>
    <subfield code="b">BCEJYS</subfield>
    <subfield code="c">17</subfield>
    <subfield code="d">1975-12-01</subfield>
    <subfield code="h">A&#xF1;o 6, N&#xBA; 69 - dic. 1975</subfield>
    <subfield code="l">0</subfield>
    <subfield code="o">H658 ADM 69 Ej.2</subfield>
    <subfield code="p">R12472</subfield>
    <subfield code="r">2026-04-10 16:06:27</subfield>
    <subfield code="w">2026-04-10</subfield>
    <subfield code="y">RN</subfield>
  </datafield>
  <datafield tag="952" ind1=" " ind2=" ">
    <subfield code="0">0</subfield>
    <subfield code="1">0</subfield>
    <subfield code="4">0</subfield>
    <subfield code="7">0</subfield>
    <subfield code="a">BCEJYS</subfield>
    <subfield code="b">BCEJYS</subfield>
    <subfield code="c">17</subfield>
    <subfield code="d">1975-11-01</subfield>
    <subfield code="h">A&#xF1;o 6, N&#xBA; 68 - nov. 1975</subfield>
    <subfield code="l">0</subfield>
    <subfield code="o">H658 ADM 68</subfield>
    <subfield code="p">R12471</subfield>
    <subfield code="r">2026-04-10 16:06:27</subfield>
    <subfield code="w">2026-04-10</subfield>
    <subfield code="y">RN</subfield>
  </datafield>
  <datafield tag="952" ind1=" " ind2=" ">
    <subfield code="0">0</subfield>
    <subfield code="1">0</subfield>
    <subfield code="4">0</subfield>
    <subfield code="7">0</subfield>
    <subfield code="a">BCEJYS</subfield>
    <subfield code="b">BCEJYS</subfield>
    <subfield code="c">17</subfield>
    <subfield code="d">1975-10-01</subfield>
    <subfield code="h">A&#xF1;o 6, N&#xBA; 67 - oct. 1975</subfield>
    <subfield code="l">0</subfield>
    <subfield code="o">H658 ADM 67</subfield>
    <subfield code="p">R12470</subfield>
    <subfield code="r">2026-04-10 16:06:27</subfield>
    <subfield code="w">2026-04-10</subfield>
    <subfield code="y">RN</subfield>
  </datafield>
  <datafield tag="952" ind1=" " ind2=" ">
    <subfield code="0">0</subfield>
    <subfield code="1">0</subfield>
    <subfield code="4">0</subfield>
    <subfield code="7">0</subfield>
    <subfield code="a">BCEJYS</subfield>
    <subfield code="b">BCEJYS</subfield>
    <subfield code="c">17</subfield>
    <subfield code="d">1975-03-01</subfield>
    <subfield code="h">A&#xF1;o 5, N&#xBA; 60 - mar. 1975</subfield>
    <subfield code="l">0</subfield>
    <subfield code="o">H658 ADM 60</subfield>
    <subfield code="p">R03340</subfield>
    <subfield code="r">2026-04-10 16:06:27</subfield>
    <subfield code="w">2026-04-10</subfield>
    <subfield code="y">RN</subfield>
  </datafield>
  <datafield tag="952" ind1=" " ind2=" ">
    <subfield code="0">0</subfield>
    <subfield code="1">0</subfield>
    <subfield code="4">0</subfield>
    <subfield code="7">0</subfield>
    <subfield code="a">BCEJYS</subfield>
    <subfield code="b">BCEJYS</subfield>
    <subfield code="c">17</subfield>
    <subfield code="d">1975-02-01</subfield>
    <subfield code="h">A&#xF1;o 5, N&#xBA; 59 - feb. 1975</subfield>
    <subfield code="l">0</subfield>
    <subfield code="o">H658 ADM 59</subfield>
    <subfield code="p">R03341</subfield>
    <subfield code="r">2026-04-10 16:06:27</subfield>
    <subfield code="w">2026-04-10</subfield>
    <subfield code="y">RN</subfield>
  </datafield>
  <datafield tag="952" ind1=" " ind2=" ">
    <subfield code="0">0</subfield>
    <subfield code="1">0</subfield>
    <subfield code="4">0</subfield>
    <subfield code="7">0</subfield>
    <subfield code="a">BCEJYS</subfield>
    <subfield code="b">BCEJYS</subfield>
    <subfield code="c">17</subfield>
    <subfield code="d">1974-12-01</subfield>
    <subfield code="h">A&#xF1;o 5, N&#xBA; 57 - dic. 1974</subfield>
    <subfield code="l">0</subfield>
    <subfield code="o">H658 ADM 57</subfield>
    <subfield code="p">R03342</subfield>
    <subfield code="r">2026-04-10 16:06:27</subfield>
    <subfield code="w">2026-04-10</subfield>
    <subfield code="y">RN</subfield>
  </datafield>
  <datafield tag="952" ind1=" " ind2=" ">
    <subfield code="0">0</subfield>
    <subfield code="1">0</subfield>
    <subfield code="4">0</subfield>
    <subfield code="7">0</subfield>
    <subfield code="a">BCEJYS</subfield>
    <subfield code="b">BCEJYS</subfield>
    <subfield code="c">17</subfield>
    <subfield code="d">1974-11-01</subfield>
    <subfield code="h">A&#xF1;o 5, N&#xBA; 56 - nov. 1974</subfield>
    <subfield code="l">0</subfield>
    <subfield code="o">H658 ADM 56</subfield>
    <subfield code="p">R03343</subfield>
    <subfield code="r">2026-04-10 16:06:27</subfield>
    <subfield code="w">2026-04-10</subfield>
    <subfield code="y">RN</subfield>
  </datafield>
  <datafield tag="952" ind1=" " ind2=" ">
    <subfield code="0">0</subfield>
    <subfield code="1">0</subfield>
    <subfield code="4">0</subfield>
    <subfield code="7">0</subfield>
    <subfield code="a">BCEJYS</subfield>
    <subfield code="b">BCEJYS</subfield>
    <subfield code="c">17</subfield>
    <subfield code="d">1974-10-01</subfield>
    <subfield code="h">A&#xF1;o 5, N&#xBA; 55 - oct. 1974</subfield>
    <subfield code="l">0</subfield>
    <subfield code="o">H658 ADM 55</subfield>
    <subfield code="p">R03344</subfield>
    <subfield code="r">2026-04-10 16:06:27</subfield>
    <subfield code="w">2026-04-10</subfield>
    <subfield code="y">RN</subfield>
  </datafield>
  <datafield tag="952" ind1=" " ind2=" ">
    <subfield code="0">0</subfield>
    <subfield code="1">0</subfield>
    <subfield code="4">0</subfield>
    <subfield code="7">0</subfield>
    <subfield code="a">BCEJYS</subfield>
    <subfield code="b">BCEJYS</subfield>
    <subfield code="c">17</subfield>
    <subfield code="d">1974-03-01</subfield>
    <subfield code="h">A&#xF1;o 4, N&#xBA; 48 - mar. 1974</subfield>
    <subfield code="l">0</subfield>
    <subfield code="o">H658 ADM 48</subfield>
    <subfield code="p">R03345</subfield>
    <subfield code="r">2026-04-10 16:06:27</subfield>
    <subfield code="w">2026-04-10</subfield>
    <subfield code="y">RN</subfield>
  </datafield>
  <datafield tag="952" ind1=" " ind2=" ">
    <subfield code="0">0</subfield>
    <subfield code="1">0</subfield>
    <subfield code="4">0</subfield>
    <subfield code="7">0</subfield>
    <subfield code="a">BCEJYS</subfield>
    <subfield code="b">BCEJYS</subfield>
    <subfield code="c">17</subfield>
    <subfield code="d">1974-02-01</subfield>
    <subfield code="h">A&#xF1;o 4, N&#xBA; 47 - feb. 1974</subfield>
    <subfield code="l">0</subfield>
    <subfield code="o">H658 ADM 47</subfield>
    <subfield code="p">R03346</subfield>
    <subfield code="r">2026-04-10 16:06:27</subfield>
    <subfield code="w">2026-04-10</subfield>
    <subfield code="y">RN</subfield>
  </datafield>
  <datafield tag="952" ind1=" " ind2=" ">
    <subfield code="0">0</subfield>
    <subfield code="1">0</subfield>
    <subfield code="4">0</subfield>
    <subfield code="7">0</subfield>
    <subfield code="a">BCEJYS</subfield>
    <subfield code="b">BCEJYS</subfield>
    <subfield code="c">17</subfield>
    <subfield code="d">1974-01-01</subfield>
    <subfield code="h">A&#xF1;o 4, N&#xBA; 46 - ene. 1974</subfield>
    <subfield code="l">0</subfield>
    <subfield code="o">H658 ADM 46</subfield>
    <subfield code="p">R03347</subfield>
    <subfield code="r">2026-04-10 16:06:27</subfield>
    <subfield code="w">2026-04-10</subfield>
    <subfield code="y">RN</subfield>
  </datafield>
  <datafield tag="952" ind1=" " ind2=" ">
    <subfield code="0">0</subfield>
    <subfield code="1">0</subfield>
    <subfield code="4">0</subfield>
    <subfield code="7">0</subfield>
    <subfield code="a">BCEJYS</subfield>
    <subfield code="b">BCEJYS</subfield>
    <subfield code="c">17</subfield>
    <subfield code="d">1973-12-01</subfield>
    <subfield code="h">A&#xF1;o 4, N&#xBA; 45 - dic. 1973</subfield>
    <subfield code="l">0</subfield>
    <subfield code="o">H658 ADM 45</subfield>
    <subfield code="p">R03348</subfield>
    <subfield code="r">2026-04-10 16:06:27</subfield>
    <subfield code="w">2026-04-10</subfield>
    <subfield code="y">RN</subfield>
  </datafield>
  <datafield tag="952" ind1=" " ind2=" ">
    <subfield code="0">0</subfield>
    <subfield code="1">0</subfield>
    <subfield code="4">0</subfield>
    <subfield code="7">0</subfield>
    <subfield code="a">BCEJYS</subfield>
    <subfield code="b">BCEJYS</subfield>
    <subfield code="c">17</subfield>
    <subfield code="d">1973-11-01</subfield>
    <subfield code="h">A&#xF1;o 4, N&#xBA; 44 - nov. 1973</subfield>
    <subfield code="l">0</subfield>
    <subfield code="o">H658 ADM 44</subfield>
    <subfield code="p">R03349</subfield>
    <subfield code="r">2026-04-10 16:06:27</subfield>
    <subfield code="w">2026-04-10</subfield>
    <subfield code="y">RN</subfield>
  </datafield>
  <datafield tag="952" ind1=" " ind2=" ">
    <subfield code="0">0</subfield>
    <subfield code="1">0</subfield>
    <subfield code="4">0</subfield>
    <subfield code="7">0</subfield>
    <subfield code="a">BCEJYS</subfield>
    <subfield code="b">BCEJYS</subfield>
    <subfield code="c">17</subfield>
    <subfield code="d">1973-10-01</subfield>
    <subfield code="h">A&#xF1;o 4, N&#xBA; 43 - oct. 1973</subfield>
    <subfield code="l">0</subfield>
    <subfield code="o">H658 ADM 43</subfield>
    <subfield code="p">R03350</subfield>
    <subfield code="r">2026-04-10 16:06:27</subfield>
    <subfield code="w">2026-04-10</subfield>
    <subfield code="y">RN</subfield>
  </datafield>
  <datafield tag="952" ind1=" " ind2=" ">
    <subfield code="0">0</subfield>
    <subfield code="1">0</subfield>
    <subfield code="4">0</subfield>
    <subfield code="7">0</subfield>
    <subfield code="a">BCEJYS</subfield>
    <subfield code="b">BCEJYS</subfield>
    <subfield code="c">17</subfield>
    <subfield code="d">1973-09-01</subfield>
    <subfield code="h">A&#xF1;o 4, N&#xBA; 42 - sep. 1973</subfield>
    <subfield code="l">0</subfield>
    <subfield code="o">H658 ADM 42</subfield>
    <subfield code="p">R03351</subfield>
    <subfield code="r">2026-04-10 16:06:27</subfield>
    <subfield code="w">2026-04-10</subfield>
    <subfield code="y">RN</subfield>
  </datafield>
  <datafield tag="952" ind1=" " ind2=" ">
    <subfield code="0">0</subfield>
    <subfield code="1">0</subfield>
    <subfield code="4">0</subfield>
    <subfield code="7">0</subfield>
    <subfield code="a">BCEJYS</subfield>
    <subfield code="b">BCEJYS</subfield>
    <subfield code="c">17</subfield>
    <subfield code="d">1973-08-01</subfield>
    <subfield code="h">A&#xF1;o 4, N&#xBA; 41 - ago. 1973</subfield>
    <subfield code="l">0</subfield>
    <subfield code="o">H658 ADM 41</subfield>
    <subfield code="p">R03352</subfield>
    <subfield code="r">2026-04-10 16:06:27</subfield>
    <subfield code="w">2026-04-10</subfield>
    <subfield code="y">RN</subfield>
  </datafield>
  <datafield tag="952" ind1=" " ind2=" ">
    <subfield code="0">0</subfield>
    <subfield code="1">0</subfield>
    <subfield code="4">0</subfield>
    <subfield code="7">0</subfield>
    <subfield code="a">BCEJYS</subfield>
    <subfield code="b">BCEJYS</subfield>
    <subfield code="c">17</subfield>
    <subfield code="d">1973-07-01</subfield>
    <subfield code="h">A&#xF1;o 4, N&#xBA; 40 - jul. 1973</subfield>
    <subfield code="l">0</subfield>
    <subfield code="o">H658 ADM 40</subfield>
    <subfield code="p">R03353</subfield>
    <subfield code="r">2026-04-10 16:06:27</subfield>
    <subfield code="w">2026-04-10</subfield>
    <subfield code="y">RN</subfield>
  </datafield>
  <datafield tag="952" ind1=" " ind2=" ">
    <subfield code="0">0</subfield>
    <subfield code="1">0</subfield>
    <subfield code="4">0</subfield>
    <subfield code="7">0</subfield>
    <subfield code="a">BCEJYS</subfield>
    <subfield code="b">BCEJYS</subfield>
    <subfield code="c">17</subfield>
    <subfield code="d">1973-06-01</subfield>
    <subfield code="h">A&#xF1;o 4, N&#xBA; 39 - jun. 1973</subfield>
    <subfield code="l">0</subfield>
    <subfield code="o">H658 ADM 39</subfield>
    <subfield code="p">R03354</subfield>
    <subfield code="r">2026-04-10 16:06:27</subfield>
    <subfield code="w">2026-04-10</subfield>
    <subfield code="y">RN</subfield>
  </datafield>
  <datafield tag="952" ind1=" " ind2=" ">
    <subfield code="0">0</subfield>
    <subfield code="1">0</subfield>
    <subfield code="4">0</subfield>
    <subfield code="7">0</subfield>
    <subfield code="a">BCEJYS</subfield>
    <subfield code="b">BCEJYS</subfield>
    <subfield code="c">17</subfield>
    <subfield code="d">1973-05-02</subfield>
    <subfield code="h">A&#xF1;o 4, N&#xB0; 38/1 - mayo 1973</subfield>
    <subfield code="l">0</subfield>
    <subfield code="o">H658 ADM 38/1</subfield>
    <subfield code="p">R10372</subfield>
    <subfield code="r">2026-04-10 16:06:27</subfield>
    <subfield code="w">2026-04-10</subfield>
    <subfield code="y">RN</subfield>
  </datafield>
  <datafield tag="952" ind1=" " ind2=" ">
    <subfield code="0">0</subfield>
    <subfield code="1">0</subfield>
    <subfield code="4">0</subfield>
    <subfield code="7">0</subfield>
    <subfield code="a">BCEJYS</subfield>
    <subfield code="b">BCEJYS</subfield>
    <subfield code="c">1</subfield>
    <subfield code="d">1973-05-02</subfield>
    <subfield code="h">A&#xF1;o 4, N&#xB0; 38/1 - mayo 1973</subfield>
    <subfield code="l">0</subfield>
    <subfield code="o">H658 ADM 38/1 ej.2</subfield>
    <subfield code="p">R10371</subfield>
    <subfield code="r">2026-04-10 16:06:27</subfield>
    <subfield code="w">2026-04-10</subfield>
    <subfield code="y">RN</subfield>
  </datafield>
  <datafield tag="952" ind1=" " ind2=" ">
    <subfield code="0">0</subfield>
    <subfield code="1">0</subfield>
    <subfield code="4">0</subfield>
    <subfield code="7">0</subfield>
    <subfield code="a">BCEJYS</subfield>
    <subfield code="b">BCEJYS</subfield>
    <subfield code="c">1</subfield>
    <subfield code="d">1973-05-02</subfield>
    <subfield code="h">A&#xF1;o 4, N&#xB0; 38/1 - mayo 1973</subfield>
    <subfield code="l">0</subfield>
    <subfield code="o">H658 ADM 38/1 ej.3</subfield>
    <subfield code="p">R10339</subfield>
    <subfield code="r">2026-04-10 16:06:27</subfield>
    <subfield code="w">2026-04-10</subfield>
    <subfield code="y">RN</subfield>
  </datafield>
  <datafield tag="952" ind1=" " ind2=" ">
    <subfield code="0">0</subfield>
    <subfield code="1">0</subfield>
    <subfield code="4">0</subfield>
    <subfield code="7">0</subfield>
    <subfield code="a">BCEJYS</subfield>
    <subfield code="b">BCEJYS</subfield>
    <subfield code="c">17</subfield>
    <subfield code="d">1973-05-01</subfield>
    <subfield code="h">A&#xF1;o 4, N&#xBA; 38 - may. 1973</subfield>
    <subfield code="l">0</subfield>
    <subfield code="o">H658 ADM 38</subfield>
    <subfield code="p">R03355</subfield>
    <subfield code="r">2026-04-10 16:06:27</subfield>
    <subfield code="w">2026-04-10</subfield>
    <subfield code="y">RN</subfield>
  </datafield>
  <datafield tag="952" ind1=" " ind2=" ">
    <subfield code="0">0</subfield>
    <subfield code="1">0</subfield>
    <subfield code="4">0</subfield>
    <subfield code="7">0</subfield>
    <subfield code="a">BCEJYS</subfield>
    <subfield code="b">BCEJYS</subfield>
    <subfield code="c">17</subfield>
    <subfield code="d">1973-04-01</subfield>
    <subfield code="h">A&#xF1;o 4, N&#xBA; 37 - abr. 1973</subfield>
    <subfield code="l">0</subfield>
    <subfield code="o">H658 ADM 37</subfield>
    <subfield code="p">R03356</subfield>
    <subfield code="r">2026-04-10 16:06:27</subfield>
    <subfield code="w">2026-04-10</subfield>
    <subfield code="y">RN</subfield>
  </datafield>
</record>
